Parki Narodowe Polski na mapie - Statystyki

Ogólne statystyki
  • Ten quiz został rozwiązany 305 razy
  • Średni wynik to 12 z 23
Odpowiedzi na mapie
Odpowiedzi zakodowano w zielono-czerwonej skali na mapie do tego quizu, zgodnie z poniższymi procentami.
 
Statystyki odpowiedzi
Odpowiedź % Poprawnych
Tatrzański Park Narodowy
67%
Park Narodowy "Ujście Warty"
66%
Słowiński Park Narodowy
64%
Wielkopolski Park Narodowy
64%
Bieszczadzki Park Narodowy
62%
Świętokrzyski Park Narodowy
61%
Kampinoski Park Narodowy
59%
Woliński Park Narodowy
59%
Park Narodowy "Bory Tucholskie"
58%
Ojcowski Park Narodowy
56%
Park Narodowy Gór Stołowych
56%
Wigierski Park Narodowy
54%
Karkonoski Park Narodowy
53%
Roztoczański Park Narodowy
53%
Białowieski Park Narodowy
51%
Poleski Park Narodowy
51%
Biebrzański Park Narodowy
49%
Babiogórski Park Narodowy
48%
Magurski Park Narodowy
47%
Drawieński Park Narodowy
45%
Pieniński Park Narodowy
45%
Narwiański Park Narodowy
41%
Gorczański Park Narodowy
30%
Nie znaleziono quizów pasujących do podanych kryteriów
Rozkład punktacji
Procent ludzi z każdym wynikiem
Percentyl według liczby udzielonych odpowiedzi
Twoja historia wyników
Nie rozwiązałeś tego quizu